[Event "Africa-ch U18 Girls"]
[Site "Cairo"]
[Date "2017.12.07"]
[Round "7.3"]
[White "Samy, Logiana"]
[Black "Du Plessis, Anika"]
[Result "0-1"]
[WhiteElo "1497"]
[BlackElo "1559"]
[PlyCount "64"]
[EventDate "2017.12.03"]
[EventType "tourn"]
[EventRounds "9"]
[EventCountry "EGY"]
[SourceTitle "EXT 2024"]
[Source "ChessBase"]
[SourceDate "2023.10.10"]
[SourceVersion "1"]
[SourceVersionDate "2023.10.10"]
[SourceQuality "1"]

1. e4 d5 2. exd5 Qxd5 3. d4 c6 4. c4 Qd6 5. Nf3 Bg4 6. Be2 Nf6 7. h3 Bh5 8. Nc3 e6 9. 0-0 Be7 10. Qb3 Qb4 11. c5 Qxb3 12. axb3 Nbd7 13. Bf4 0-0 14. Ra4 Nd5 15. Nxd5 exd5 16. Rfa1 a6 17. g4 Bg6 18. Ne5 Nxe5 19. Bxe5 Rfe8 20. Bxa6 bxa6 21. Rxa6 Rac8 22. Bg3 Bf6 23. R6a4 Bc2 24. Rb4 h6 25. Rc1 Bd3 26. Rd1 Bb5 27. f4 Re2 28. Rb1 Rce8 29. h4 Rd2 30. Bf2 Ree2 31. Rf1 Rxb2 32. f5 Bxh4 0-1

[Event "Africa-ch U18 Girls"]
[Site "Cairo"]
[Date "2017.12.05"]
[Round "5.4"]
[White "Samy, Logiana"]
[Black "Maakni, Assia"]
[Result "0-1"]
[WhiteElo "1497"]
[BlackElo "1571"]
[PlyCount "87"]
[EventDate "2017.12.03"]
[EventType "tourn"]
[EventRounds "9"]
[EventCountry "EGY"]
[SourceTitle "EXT 2024"]
[Source "ChessBase"]
[SourceDate "2023.10.10"]
[SourceVersion "1"]
[SourceVersionDate "2023.10.10"]
[SourceQuality "1"]

1. e4 c5 2. Nf3 Nc6 3. Nc3 e6 4. d4 cxd4 5. Nxd4 Nf6 6. Bg5 Be7 7. Nxc6 bxc6 8. Qd2 0-0 9. Bd3 h6 10. Bf4 d6 11. 0-0 e5 12. Be3 d5 13. exd5 cxd5 14. Ne2 d4 15. Bxh6 gxh6 16. Qxh6 e4 17. Qg5+ Kh8 18. Qh4+ Kg7 19. Bxe4 Nxe4 20. Qxe4 Be6 21. Qxd4+ Bf6 22. Qxd8 Rfxd8 23. Nf4 Bc4 24. Nh5+ Kg6 25. Nxf6 Bxf1 26. Ne4 Bc4 27. b3 Bd5 28. Nc3 Bb7 29. Re1 Rac8 30. Nb5 a6 31. Na3 Rd5 32. h4 Ra5 33. Nc4 Rxa2 34. Nd6 Rb8 35. Nxb7 Rxb7 36. g4 Rc7 37. Rd1 Rcxc2 38. Rd6+ Kg7 39. g5 Rxf2 40. h5 Rfc2 41. h6+ Kh7 42. Rf6 Rc1+ 43. Rf1 Rxf1+ 44. Kxf1 0-1